00659nam a2200193Ia 4500003000900000008004100009020002200050040001600072080001300088100002900101245009500130260003500225300001000260650002000270650002500290942000700315999001700322952012600339IN-BaIIA211028s9999 xx 000 0 eng d a978-1-84115-580-7 cIIA Library a511bDUS adu Sautoy, Marcus936075 4aThe Music of the primesbwhy an unsolved problems in mathematics matterscMarcus du Sautoy aLondonbHarper Perennialc2004 a335p. aMathematics982 aPrime numbers936076 cBK c18868d18868 00104070aBANbBANcGENd2014-03-14eFLI g628.00l0o511/ DUSp19790r2021-11-05v628.00w2014-03-14yBKGRs. 628.00